000 00790nab a2200241 u 4500
001 07934
003 HDC
007 cr bn ---aaaaa
008 210129c mydr|nes 0 a may d
040 _aHDC
100 _aZunaidah Zainon
_eauthor
_97610
245 0 _a¬Brahim's: MAS tiada pilihan lain /
_cby Zunaidah Zainon
260 _aKuala Lumpur :
_bUTUSAN MALAYSIA,
_c2014
336 _atext
_2rdacontent
337 _acomputer
_2rdamedia
338 _aonline resource
_2rdacarrier
650 _aEntrepreneurs
_951
650 _aFood industry
_9536
856 _zRequest full-text at [email protected]
942 _2lcc
942 _cNEWS
942 _kNWSC 001259
999 _c5257
_d5257